[Event "Belgrade-chTB Quality"]
[Site "Belgrade"]
[Date "2018.10.06"]
[Round "3.7"]
[White "Radojicic, Aleksandar M"]
[Black "Stojanovic, Mihailo"]
[Result "0-1"]
[WhiteElo "1814"]
[BlackElo "1994"]
[PlyCount "54"]
[EventDate "2018.09.29"]
[EventType "team-tourn"]
[EventRounds "11"]
[EventCountry "SRB"]
[SourceTitle "CBM 187 Extra"]
[Source "ChessBase"]
[SourceDate "2018.11.04"]
[SourceVersion "1"]
[SourceVersionDate "2018.11.04"]
[SourceQuality "1"]
[WhiteTeam "Belgrade Visan"]
[BlackTeam "Belgrade Turbina"]
[WhiteTeamCountry "SRB"]
[BlackTeamCountry "SRB"]

1. d4 g6 2. g3 Bg7 3. Bg2 Nf6 4. e4 0-0 5. Ne2 d6 6. 0-0 c6 7. a4 a5 8. Nbc3 Na6 9. h3 Nb4 10. Be3 Re8 11. g4 d5 12. e5 Nd7 13. f4 e6 14. Ng3 f5 15. Kf2 b6 16. Rc1 Ba6 17. Nce2 Qh4 18. g5 Bxe2 19. Qxe2 h6 20. gxh6 Bxh6 21. Qf3 c5 22. Ke2 cxd4 23. Bxd4 Rac8 24. c3 Nc6 25. Be3 Ndxe5 26. fxe5 Nxe5 27. Qf2 Qc4+ 0-1